Statistiken für Kicker Persönlichkeit des Jahres

Klicken Sie hier um das Quiz zu spielen!

Allgemein

  • Dieses Quiz wurde 184 mal gespielt
    (45 seit der letzten Aktualisierung)
  • Das Durchschnittsergebnis liegt bei 11 aus 34

Antwortstatistiken

JahrMannschaftPersönlichkeit des Jahres% Korrekt
20231. FC HeidenheimFrank Schmidt
89%
2019FC LiverpoolJürgen Klopp
84%
2014Deutsche NationalmannschaftJoachim Löw
79%
2016Real MadridToni Kroos
76%
2017SC FreiburgChristian Streich
74%
2011Deutsche NationalmannschaftJoachim Löw
68%
2012Borussia DortmundJürgen Klopp
58%
2020FC Bayern MünchenHansi Flick
55%
2021FC Bayern MünchenRobert Lewandowski
50%
2009VfL Wolfsburg / FC Schalke 04Felix Magath
45%
2006Präsident des Organisationskomitees WM 2006Franz Beckenbauer
45%
2022VfL WolfsburgAlexandra Popp
29%
1990Deutsche NationalmannschaftFranz Beckenbauer
29%
2002Bayer Leverkusen / FC Bayern MünchenMichael Ballack
29%
19981. FC KaiserslauternOtto Rehhagel
26%
2004SV Werder BremenThomas Schaaf
26%
2015SV Darmstadt 98Dirk Schuster
24%
2013FC Bayern MünchenFranck Ribéry
21%
19971. FC KaiserslauternOtto Rehhagel
21%
2000Deutsche NationalmannschaftRudi Völler
21%
1993Karlsruher SCWinfried Schäfer
18%
2001FC Bayern MünchenOliver Kahn
13%
2010FC Bayern MünchenBastian Schweinsteiger
11%
1995Deutsche NationalmannschaftBerti Vogts
11%
2003VfB StuttgartFelix Magath
11%
1994SC FreiburgVolker Finke
11%
2008FC Bayern MünchenFranck Ribéry
8%
1999FC Bayern MünchenLothar Matthäus
8%
2018Eintracht FrankfurtFredi Bobic
5%
2005Hamburger SVThomas Doll
5%
19911. FC KaiserslauternKarl-Heinz Feldkamp
3%
1992FC Bayern MünchenErich Ribbeck
0%
2007SV Werder BremenIvan Klasnic
0%
1996FC Bayern MünchenThomas Helmer
0%

Verteilung der Resultate

Perzentil nach korrekt beantworteten Fragen

Anzahl Personen mit jedem Resultat

Ihre Resultats-Entwicklung

Sie haben dieses Quiz seit der letzten Aktualisierung nicht gespielt